[Event "Deutsche Ländermeisterschaft 2016"]
[Site "Hannover GER"]
[Date "2016.10.03"]
[Round "4"]
[White "Silber, Stefanie"]
[Black "Möller, Lisa-Marie"]
[Result "0-1"]
[Termination "normal"]
[Board "6.6"]
[WhiteElo "1651"]
[BlackElo "1697"]
[WhiteTeam "Bremen & Friends"]
[BlackTeam "Nordrhein-Westfalen"]
[PlyCount "64"]
[WhiteFideId "12918245"]
[BlackFideId "12959367"]
[EventCountry "GER"]
[EventRounds "7"]
[EventType "team-swiss"]
[EventDate "2016.09.30"]

1. e4 c5 2. Nf3 e6 3. d4 cxd4 4. Nxd4 a6 5. c4 Nf6 6. Bd3 Nc6 7. Nxc6 dxc6 8.
e5 Qa5+ 9. Nc3 Qxe5+ 10. Qe2 Qxe2+ 11. Bxe2 Bb4 12. Bd2 O-O 13. O-O Rd8 14.
Rfd1 e5 15. a3 Bc5 16. Na4 Ba7 17. Ba5 Rxd1+ 18. Rxd1 Bf5 19. Nb6 Bxb6 20. Bxb6
Nd7 21. Be3 f6 22. c5 Kf7 23. Rd6 Ke7 24. Bc4 Rd8 25. f4 exf4 26. Bxf4 Nxc5 27.
Rxd8 Kxd8 28. Be3 Nd7 29. b4 Ne5 30. Bb3 Kd7 31. Kf2 Ng4+ 32. Ke2 Nxh2 0-1

[Event "Deutsche Ländermeisterschaft 2016"]
[Site "Hannover GER"]
[Date "2016.10.03"]
[Round "4"]
[White "Müdder, Melanie"]
[Black "Caliebe, Nanke"]
[Result "0-1"]
[Termination "normal"]
[Board "6.7"]
[WhiteElo "1565"]
[BlackElo "1478"]
[WhiteTeam "Nordrhein-Westfalen"]
[BlackTeam "Bremen & Friends"]
[PlyCount "118"]
[WhiteFideId "12994103"]
[BlackFideId "12980528"]
[EventCountry "GER"]
[EventRounds "7"]
[EventType "team-swiss"]
[EventDate "2016.09.30"]

1. e4 c5 2. Nc3 Nc6 3. f4 g6 4. Nf3 Bg7 5. Bb5 a6 6. Bxc6 dxc6 7. O-O e6 8. d3
Ne7 9. Qe1 O-O 10. Qh4 Re8 11. Kh1 b5 12. f5 exf5 13. Bh6 f6 14. Bxg7 Kxg7 15.
Rad1 Ra7 16. Qf2 Qd6 17. b4 cxb4 18. Qxa7 bxc3 19. Rfe1 Rd8 20. exf5 Rd7 21.
Qa8 Bb7 22. Qe8 Nxf5 23. Re6 Re7 24. Qxe7+ Qxe7 25. Rxe7+ Nxe7 26. Nd4 Kf7 27.
Re1 Bc8 28. Kg1 Bd7 29. Kf2 a5 30. Ke2 b4 31. Nb3 a4 32. Nc5 Be6 33. Nxa4 Bxa2
34. Ra1 Bd5 35. g3 Nf5 36. Nc5 Nd4+ 37. Kd1 Bf3+ 38. Kc1 Ne2+ 39. Kb1 Nd4 40.
Ra4 Bd1 41. Rxb4 Nxc2 42. Rb7+ Kg8 43. Kc1 Ne3 44. Re7 Nd5 45. Re4 c2 46. Na4
c5 47. Nb2 Nc3 48. Kd2 Nxe4+ 49. dxe4 Kf7 50. Nxd1 cxd1=Q+ 51. Kxd1 Ke6 52. Kd2
Ke5 53. Kd3 c4+ 54. Kxc4 Kxe4 55. Kc5 Kf3 56. Kd6 Kg2 57. h4 Kxg3 58. h5 gxh5
59. Ke6 h4 0-1

[Event "Deutsche Ländermeisterschaft 2016"]
[Site "Hannover GER"]
[Date "2016.10.03"]
[Round "4"]
[White "Bildat, Emilia"]
[Black "Rudolph, Eva"]
[Result "0-1"]
[Termination "normal"]
[Board "6.8"]
[WhiteElo "1144"]
[BlackElo "1568"]
[WhiteTeam "Bremen & Friends"]
[BlackTeam "Nordrhein-Westfalen"]
[PlyCount "66"]
[WhiteFideId "16218140"]
[BlackFideId "16200594"]
[EventCountry "GER"]
[EventRounds "7"]
[EventType "team-swiss"]
[EventDate "2016.09.30"]

1. d4 d5 2. Bf4 Nf6 3. e3 c5 4. c3 Nc6 5. Nf3 Qb6 6. Qb3 c4 7. Qxb6 axb6 8.
Nbd2 Bf5 9. Be2 b5 10. O-O e6 11. h3 b4 12. Nh4 Bc2 13. Rfc1 bxc3 14. Rxc2 cxd2
15. Rxd2 Ne4 16. Rdd1 Be7 17. Nf3 O-O 18. Nd2 Nxd2 19. Rxd2 b5 20. Rdd1 b4 21.
b3 c3 22. Bd3 Ra3 23. Rdb1 Rfa8 24. Bb5 Na7 25. Ba4 g5 26. Bg3 Nc8 27. f3 Nb6
28. Re1 Nxa4 29. bxa4 R8xa4 30. Re2 b3 31. Be1 b2 32. Rb1 Rc4 33. Rc2 Bb4 0-1

[Event "Deutsche Ländermeisterschaft 2016"]
[Site "Hannover GER"]
[Date "2016.10.03"]
[Round "4"]
[White "Pfreundt, Jakob"]
[Black "Rahnfeld, Jens"]
[Result "0-1"]
[Termination "normal"]
[Board "7.1"]
[WhiteElo "2269"]
[BlackElo "2265"]
[WhiteTeam "Hamburg"]
[BlackTeam "Baden 2"]
[PlyCount "94"]
[WhiteFideId "12918156"]
[BlackFideId "12939617"]
[EventCountry "GER"]
[EventRounds "7"]
[EventType "team-swiss"]
[EventDate "2016.09.30"]

1. e4 c5 2. Nf3 d6 3. d4 cxd4 4. Nxd4 Nf6 5. Nc3 a6 6. Be3 e6 7. a4 b6 8. g3
Bb7 9. Bg2 Be7 10. O-O Qc7 11. Qe2 O-O 12. f4 Rd8 13. Rad1 Nbd7 14. f5 e5 15.
Nb3 Nc5 16. Nxc5 dxc5 17. g4 Rxd1 18. Rxd1 Rd8 19. g5 Rxd1+ 20. Qxd1 Ne8 21.
Nd5 Qd6 22. Qg4 Nc7 23. Nxc7 Qxc7 24. g6 Qc6 25. gxf7+ Kxf7 26. b3 c4 27. Qh5+
Kg8 28. Qd1 cxb3 29. cxb3 Bc5 30. Qd2 Bxe3+ 31. Qxe3 a5 32. Qd3 Kf7 33. Bf3 Ke7
34. Qd2 h6 35. Kg2 Qc5 36. h4 Bc6 37. h5 Be8 38. Be2 Bf7 39. Bb5 Qd6 40. f6+
gxf6 41. Qxh6 Qd1 42. Qe3 Qg4+ 43. Kf2 Qh4+ 44. Kg1 Qg5+ 45. Qxg5 fxg5 46. h6
Kf6 47. Be2 Bxb3 0-1

[Event "Deutsche Ländermeisterschaft 2016"]
[Site "Hannover GER"]
[Date "2016.10.03"]
[Round "4"]
[White "Rogozenco, Teodora"]
[Black "Hund, Sarah"]
[Result "1-0"]
[Termination "normal"]
[Board "7.3"]
[WhiteTitle "WFM"]
[WhiteElo "2027"]
[BlackElo "1874"]
[WhiteTeam "Hamburg"]
[BlackTeam "Baden 2"]
[PlyCount "75"]
[WhiteFideId "12938084"]
[BlackFideId "12923338"]
[EventCountry "GER"]
[EventRounds "7"]
[EventType "team-swiss"]
[EventDate "2016.09.30"]

1. d4 Nf6 2. c4 e6 3. Nc3 Bb4 4. Qc2 d6 5. Bg5 O-O 6. Nf3 c5 7. O-O-O Nbd7 8.
e3 a6 9. a3 Bxc3 10. Qxc3 Rb8 11. dxc5 dxc5 12. Ne5 Qe8 13. Bf4 Ra8 14. Bd3 Nb6
15. Bb1 Nh5 16. Qd3 f5 17. g4 Nf6 18. Rhg1 Nfd7 19. Rg3 Nxe5 20. Bxe5 Rf7 21.
Qd8 Qxd8 22. Rxd8+ Rf8 23. Rxf8+ Kxf8 24. gxf5 exf5 25. Bxg7+ Kf7 26. Bc3 Nxc4
27. Rg7+ Ke6 28. Rxh7 b5 29. h4 Nd6 30. h5 Bb7 31. Ba2+ c4 32. Bb4 Nf7 33. Bb1
Be4 34. Bc3 Rd8 35. h6 Ng5 36. Rg7 Bxb1 37. Rxg5 Be4 38. h7 1-0

[Event "Deutsche Ländermeisterschaft 2016"]
[Site "Hannover GER"]
[Date "2016.10.03"]
[Round "4"]
[White "Wiesner, Alexander"]
[Black "Spät, Alexander"]
[Result "0-1"]
[Termination "normal"]
[Board "7.4"]
[WhiteElo "1822"]
[BlackElo "2002"]
[WhiteTeam "Baden 2"]
[BlackTeam "Hamburg"]
[PlyCount "90"]
[WhiteFideId "12943991"]
[BlackFideId "24687693"]
[EventCountry "GER"]
[EventRounds "7"]
[EventType "team-swiss"]
[EventDate "2016.09.30"]

1. d4 d5 2. c4 c6 3. Nc3 Nf6 4. Nf3 dxc4 5. a4 Bf5 6. e3 e6 7. Bxc4 Nbd7 8. O-O
Bb4 9. Nh4 Bg6 10. Nxg6 hxg6 11. h3 Qa5 12. Na2 Bd6 13. b4 Qg5 14. e4 Qh4 15.
Nc3 Nxe4 16. Nxe4 Qxe4 17. Re1 Qh4 18. Qb3 Qxd4 19. Bb2 Qf4 20. g3 Qf5 21. Bxe6
fxe6 22. Qxe6+ Kd8 23. Qxd6 Qxh3 24. f3 Qh2+ 25. Kf1 Qxb2 26. Kg1 Qf6 27. Rad1
Qxd6 28. Rxd6 Kc7 29. Rxg6 Rae8 30. Rxe8 Rxe8 31. Rxg7 Kd6 32. Kf2 Re7 33. Rg5
Ne5 34. f4 Nd3+ 35. Kf3 Nxb4 36. f5 Nd5 37. Rg6+ Ke5 38. g4 c5 39. Rh6 c4 40.
Rh1 c3 41. Re1+ Kf6 42. Rd1 c2 43. Rc1 Nb4 44. Kg3 Rd7 45. Kh4 Rd1 0-1

[Event "Deutsche Ländermeisterschaft 2016"]
[Site "Hannover GER"]
[Date "2016.10.03"]
[Round "4"]
[White "Pfreundt, Mathis"]
[Black "Koll, Lukas"]
[Result "1-0"]
[Termination "normal"]
[Board "7.5"]
[WhiteElo "1860"]
[BlackElo "1838"]
[WhiteTeam "Hamburg"]
[BlackTeam "Baden 2"]
[PlyCount "65"]
[WhiteFideId "12967092"]
[BlackFideId "12969737"]
[EventCountry "GER"]
[EventRounds "7"]
[EventType "team-swiss"]
[EventDate "2016.09.30"]

1. e4 c6 2. d4 d5 3. Nc3 dxe4 4. Nxe4 Bf5 5. Ng3 Bg6 6. h4 h6 7. Nf3 Nf6 8. Ne5
Bh7 9. Bd3 Bxd3 10. Qxd3 e6 11. Bd2 Nbd7 12. f4 c5 13. O-O-O cxd4 14. Ng6 Rg8
15. Nxf8 Nxf8 16. Bb4 Qb6 17. Qa3 N8d7 18. Ba5 Qa6 19. Rxd4 b6 20. Bb4 Qxa3 21.
Bxa3 O-O-O 22. Be7 Rde8 23. Bd6 Kb7 24. Be5 b5 25. Ne4 Nxe4 26. Rxd7+ Kb6 27.
Rxf7 Ng3 28. Rd1 Nf5 29. Rdd7 Nxh4 30. Rd6+ Kc5 31. Rc7+ Kb4 32. Bc3+ Ka4 33.
Ra6# 1-0

[Event "Deutsche Ländermeisterschaft 2016"]
[Site "Hannover GER"]
[Date "2016.10.03"]
[Round "4"]
[White "Wu, Luka"]
[Black "Popist, Florian"]
[Result "1-0"]
[Termination "normal"]
[Board "7.6"]
[WhiteElo "1800"]
[BlackElo "1736"]
[WhiteTeam "Baden 2"]
[BlackTeam "Hamburg"]
[PlyCount "107"]
[WhiteFideId "12977420"]
[BlackFideId "16203518"]
[EventCountry "GER"]
[EventRounds "7"]
[EventType "team-swiss"]
[EventDate "2016.09.30"]

1. e4 c5 2. Nf3 e6 3. d4 cxd4 4. Nxd4 a6 5. Bd3 Qc7 6. O-O Nf6 7. c4 d6 8. Nc3
Nbd7 9. b3 Be7 10. Bb2 b6 11. Qe2 Bb7 12. Rae1 O-O 13. Kh1 Rfe8 14. f4 e5 15.
Nf5 exf4 16. Nd5 Bxd5 17. exd5 Bf8 18. Qf2 Ne5 19. Bb1 b5 20. cxb5 axb5 21. Nd4
Nxd5 22. Nxb5 Qb7 23. Nc3 Ne3 24. Be4 Qd7 25. Bxa8 Nxf1 26. Rxf1 Rxa8 27. Qxf4
Re8 28. Nd5 Re6 29. Qf5 Qb7 30. Rd1 Qa7 31. a4 Qa6 32. Qf1 Qc6 33. Bxe5 Rxe5
34. Qc4 Qe8 35. Qc3 Be7 36. h3 Bh4 37. a5 Be1 38. Qa1 Re2 39. Nf4 Re4 40. a6
Bf2 41. Nd3 Ba7 42. Qa5 g6 43. Rf1 Qb8 44. Qd5 Re7 45. b4 Qb6 46. b5 Qd4 47.
Qxd4 Bxd4 48. Rb1 Bb6 49. Nb4 Re2 50. Nd5 Ba7 51. b6 Bxb6 52. Rxb6 Rd2 53. a7
Ra2 54. Rb8+ 1-0

[Event "Deutsche Ländermeisterschaft 2016"]
[Site "Hannover GER"]
[Date "2016.10.03"]
[Round "4"]
[White "Visvikis, Kassandra"]
[Black "Kieckbusch, Lotta"]
[Result "1-0"]
[Termination "normal"]
[Board "7.8"]
[WhiteElo "1318"]
[BlackElo "1286"]
[WhiteTeam "Baden 2"]
[BlackTeam "Hamburg"]
[PlyCount "77"]
[WhiteFideId "36052167"]
[BlackFideId "16214390"]
[EventCountry "GER"]
[EventRounds "7"]
[EventType "team-swiss"]
[EventDate "2016.09.30"]

1. e4 c6 2. d4 d5 3. exd5 cxd5 4. Bd3 Nc6 5. c3 Nf6 6. Bf4 e6 7. Nf3 b6 8. Nbd2
Bb7 9. O-O Be7 10. Qc2 O-O 11. Ne5 Nxe5 12. dxe5 Ne4 13. Nxe4 dxe4 14. Bxe4
Bxe4 15. Qxe4 Qc7 16. Qe3 Rfd8 17. Rfe1 Rd5 18. Qf3 Rad8 19. Rad1 Qd7 20. Rxd5
Qxd5 21. Qxd5 Rxd5 22. Kf1 f6 23. exf6 Bxf6 24. Rxe6 Ra5 25. a3 Rb5 26. Re2 Rf5
27. Be3 Kf7 28. Ke1 Kg6 29. h3 Rd5 30. Rd2 Rb5 31. Kd1 Re5 32. Bd4 Rg5 33. Bxf6
Kxf6 34. g3 h6 35. Rd7 a5 36. Rd6+ Kf7 37. Rxb6 Rf5 38. f4 Rd5+ 39. Ke2 1-0

[Event "Deutsche Ländermeisterschaft 2016"]
[Site "Hannover GER"]
[Date "2016.10.03"]
[Round "4"]
[White "Kitze, Alexander"]
[Black "Ewert, Hannes"]
[Result "1-0"]
[Termination "normal"]
[Board "8.1"]
[WhiteElo "2159"]
[BlackElo "2132"]
[WhiteTeam "Sachsen-Anhalt"]
[BlackTeam "Niedersachsen 2"]
[PlyCount "43"]
[WhiteFideId "12914827"]
[BlackFideId "12961574"]
[EventCountry "GER"]
[EventRounds "7"]
[EventType "team-swiss"]
[EventDate "2016.09.30"]

1. e4 e5 2. Nf3 Nc6 3. Bc4 Bc5 4. O-O Nf6 5. d4 exd4 6. e5 d5 7. exf6 dxc4 8.
Re1+ Be6 9. Ng5 Qd5 10. Nc3 Qf5 11. g4 Qxf6 12. Nd5 Qd8 13. Rxe6+ fxe6 14. Nxe6
Qd7 15. Ndxc7+ Kf7 16. Ng5+ Kg6 17. Qf3 Rad8 18. Nce6 Rdf8 19. Qe4+ Kf6 20.
Qf5+ Ke7 21. Qxc5+ Ke8 22. Bd2 1-0

[Event "Deutsche Ländermeisterschaft 2016"]
[Site "Hannover GER"]
[Date "2016.10.03"]
[Round "4"]
[White "Wagner, Benjamin"]
[Black "Stelmaszyk, Nico"]
[Result "0-1"]
[Termination "normal"]
[Board "8.3"]
[WhiteElo "1923"]
[BlackElo "1828"]
[WhiteTeam "Sachsen-Anhalt"]
[BlackTeam "Niedersachsen 2"]
[PlyCount "60"]
[WhiteFideId "12957330"]
[BlackFideId "16200462"]
[EventCountry "GER"]
[EventRounds "7"]
[EventType "team-swiss"]
[EventDate "2016.09.30"]

1. e4 e5 2. Nf3 Nc6 3. Bc4 Bc5 4. c3 Nf6 5. d3 h6 6. O-O d6 7. a4 a6 8. Be3
Bxe3 9. fxe3 Be6 10. Ba2 Bxa2 11. Rxa2 O-O 12. Nbd2 d5 13. exd5 Qxd5 14. Qb1
Rae8 15. d4 e4 16. Ne1 Qg5 17. Nc2 Nd5 18. Qe1 f5 19. Rf2 f4 20. Nf1 f3 21. c4
Nf6 22. h3 Nh5 23. Na3 Nxd4 24. exd4 e3 25. Nxe3 Rxe3 26. Qb4 Nf4 27. b3 Nxh3+
28. Kh2 Nxf2 29. Rxf2 Qh4+ 30. Kg1 Re2 0-1

[Event "Deutsche Ländermeisterschaft 2016"]
[Site "Hannover GER"]
[Date "2016.10.03"]
[Round "4"]
[White "Pubantz, Jan"]
[Black "Dietz, Florian"]
[Result "1/2-1/2"]
[Termination "normal"]
[Board "8.4"]
[WhiteElo "1795"]
[BlackElo "1821"]
[WhiteTeam "Niedersachsen 2"]
[BlackTeam "Sachsen-Anhalt"]
[PlyCount "145"]
[WhiteFideId "12996114"]
[BlackFideId "12939897"]
[EventCountry "GER"]
[EventRounds "7"]
[EventType "team-swiss"]
[EventDate "2016.09.30"]

1. d4 Nf6 2. c4 c5 3. d5 b5 4. Qc2 d6 5. e4 g6 6. Nf3 Bg7 7. Nc3 b4 8. Nd1 O-O
9. Bd3 Nbd7 10. a3 bxa3 11. Rxa3 Ng4 12. Ne3 Nge5 13. Nxe5 Nxe5 14. O-O Nxd3
15. Qxd3 Bd7 16. Qc2 Qb6 17. Rb3 Ba4 18. Rxb6 Bxc2 19. Rb7 Bxe4 20. Rxe7 Rfe8
21. Rd7 Red8 22. Re7 Bb1 23. Bd2 Ba2 24. Ra1 Bb3 25. Raxa7 Rxa7 26. Rxa7 Bd4
27. Ng4 Bg7 28. Bg5 Re8 29. Re7 Ra8 30. g3 Bxc4 31. Ne3 Bd3 32. Bf4 Rd8 33. Rb7
Be4 34. Rb6 Bf8 35. Ng4 Bf3 36. Nf6+ Kg7 37. Rb3 Be2 38. Re3 Bb5 39. Ne4 Bc4
40. Bg5 Ra8 41. Bf6+ Kg8 42. Bc3 Ra1+ 43. Re1 Rxe1+ 44. Bxe1 Be7 45. Bc3 f5 46.
Nf6+ Bxf6 47. Bxf6 Kf7 48. Bc3 Bxd5 49. f4 Bc4 50. b4 Ke6 51. Kf2 Kd5 52. Ke3
Bb5 53. bxc5 dxc5 54. Bf6 Kc4 55. Kd2 Bc6 56. Bg7 Be4 57. Bf6 Kd5 58. Ke3 Ke6
59. Bc3 Kf7 60. g4 h6 61. h4 Bb1 62. g5 hxg5 63. hxg5 Ke6 64. Bf6 Kd5 65. Bg7
Kc4 66. Kd2 Be4 67. Bh8 Kb3 68. Bg7 c4 69. Bh8 Kb4 70. Bg7 Kc5 71. Bh8 Bd3 72.
Bg7 Kd5 73. Ke3 1/2-1/2

[Event "Deutsche Ländermeisterschaft 2016"]
[Site "Hannover GER"]
[Date "2016.10.03"]
[Round "4"]
[White "Hundrieser, Malte"]
[Black "Helmer, Jan"]
[Result "1-0"]
[Termination "normal"]
[Board "8.5"]
[WhiteElo "1787"]
[BlackElo "1784"]
[WhiteTeam "Sachsen-Anhalt"]
[BlackTeam "Niedersachsen 2"]
[PlyCount "111"]
[WhiteFideId "12997153"]
[BlackFideId "12956686"]
[EventCountry "GER"]
[EventRounds "7"]
[EventType "team-swiss"]
[EventDate "2016.09.30"]

1. e4 e6 2. d4 d5 3. Nd2 Nf6 4. e5 Nfd7 5. Bd3 c5 6. c3 Nc6 7. Ne2 cxd4 8. cxd4
f6 9. exf6 Nxf6 10. O-O Bd6 11. Nf3 Qc7 12. Nc3 a6 13. Be3 O-O 14. h3 Bd7 15.
Rc1 b5 16. Qd2 Nh5 17. Qc2 h6 18. Nh4 Be8 19. Qe2 Qe7 20. g3 Nf4 21. Bxf4 Bxf4
22. gxf4 Qxh4 23. Qxe6+ Kh8 24. Nxd5 Nxd4 25. Qe4 Nf5 26. Ne7 Qxh3 27. Qxa8
Nxe7 28. Be2 Ng6 29. Qf3 Qxf3 30. Bxf3 Rxf4 31. Rc8 Rxf3 32. Rxe8+ Kh7 33. Ra8
Rf6 34. Rd1 Nf4 35. Rd7 Nh3+ 36. Kg2 Nf4+ 37. Kf1 Rc6 38. f3 Rc1+ 39. Kf2 Rc2+
40. Ke3 Ng2+ 41. Ke4 Re2+ 42. Kf5 Nh4+ 43. Kg4 Ng6 44. Kg3 h5 45. Rxa6 h4+ 46.
Kh3 Nf4+ 47. Kxh4 Rg2 48. Rf7 Rg1 49. Raa7 Kh6 50. Ra6+ Kh7 51. Rb6 Ng6+ 52.
Kh3 Rg5 53. f4 Rd5 54. Rbb7 Kh6 55. Kg4 Rd4 56. Rxb5 1-0

[Event "Deutsche Ländermeisterschaft 2016"]
[Site "Hannover GER"]
[Date "2016.10.03"]
[Round "4"]
[White "Möller, Hannah"]
[Black "Dietz, Kristin"]
[Result "1-0"]
[Termination "normal"]
[Board "8.6"]
[WhiteElo "1737"]
[BlackElo "1601"]
[WhiteTeam "Niedersachsen 2"]
[BlackTeam "Sachsen-Anhalt"]
[PlyCount "125"]
[WhiteFideId "1270514"]
[BlackFideId "12993743"]
[EventCountry "GER"]
[EventRounds "7"]
[EventType "team-swiss"]
[EventDate "2016.09.30"]

1. Nf3 c5 2. g3 d5 3. Bg2 Nf6 4. c4 e6 5. O-O Be7 6. d3 O-O 7. Nc3 Nc6 8. Bf4
b6 9. Ne5 Bb7 10. Qc2 Rc8 11. Nb5 Nxe5 12. Bxe5 a6 13. Nc3 Bc6 14. Rfd1 d4 15.
Bxf6 Bxf6 16. Ne4 Be7 17. e3 f5 18. Nd2 Bxg2 19. Kxg2 e5 20. exd4 cxd4 21. Qb3
Bc5 22. Re1 Qc7 23. Qd1 Qc6+ 24. Qf3 Qxf3+ 25. Nxf3 e4 26. dxe4 fxe4 27. Rxe4
d3 28. Rd1 Rcd8 29. a3 a5 30. Ree1 g5 31. Re5 h6 32. Re4 Kh7 33. h4 gxh4 34.
Rxh4 Rfe8 35. Rd2 Rd7 36. Kf1 Kg6 37. Rg4+ Kh7 38. Kg2 Ree7 39. Rh4 Kg6 40. Rh1
Re6 41. Re1 Rxe1 42. Nxe1 Rd4 43. Nxd3 Kf6 44. Rd1 a4 45. Kf1 Kg5 46. Ke2 Rxc4
47. Nxc5 Rxc5 48. Rd6 Rc2+ 49. Rd2 Rxd2+ 50. Kxd2 Kg4 51. Ke2 h5 52. Ke3 b5 53.
Ke4 Kh3 54. Kf3 Kh2 55. g4 h4 56. g5 b4 57. axb4 a3 58. bxa3 h3 59. g6 Kh1 60.
g7 h2 61. b5 Kg1 62. g8=Q+ Kh1 63. Qg2# 1-0

[Event "Deutsche Ländermeisterschaft 2016"]
[Site "Hannover GER"]
[Date "2016.10.03"]
[Round "4"]
[White "Fritsch, Lea"]
[Black "Abele, Anais"]
[Result "1-0"]
[Termination "normal"]
[Board "8.7"]
[WhiteElo "1317"]
[BlackElo "1611"]
[WhiteTeam "Sachsen-Anhalt"]
[BlackTeam "Niedersachsen 2"]
[PlyCount "77"]
[WhiteFideId "16212436"]
[BlackFideId "16208927"]
[EventCountry "GER"]
[EventRounds "7"]
[EventType "team-swiss"]
[EventDate "2016.09.30"]

1. e4 c5 2. Nf3 d6 3. d4 cxd4 4. Nxd4 Nf6 5. Nc3 g6 6. Be3 Bg7 7. h3 Nc6 8. Qd2
O-O 9. Be2 Re8 10. O-O Bd7 11. Rad1 Nxd4 12. Bxd4 Bc6 13. Bf3 Qa5 14. a3 Qc7
15. Rfe1 Rad8 16. Be3 Nd7 17. Be2 Nc5 18. Bf3 Qb8 19. Bh6 Bh8 20. Bh5 Ne6 21.
Bg4 Bd7 22. Qe3 Nf8 23. Bxd7 Nxd7 24. h4 Rc8 25. h5 Qc7 26. hxg6 hxg6 27. Qh3
e6 28. Rd3 Ne5 29. Rg3 Qc5 30. Rg5 Bf6 31. Rg3 b5 32. Be3 Qc6 33. Qh5 Bg7 34.
Qh4 a5 35. Rh3 Kf8 36. Bg5 b4 37. Bf6 Bxf6 38. Qxf6 Re7 39. Rh8# 1-0

[Event "Deutsche Ländermeisterschaft 2016"]
[Site "Hannover GER"]
[Date "2016.10.03"]
[Round "4"]
[White "Meijerink, Inken"]
[Black "Stowicek, Yara Mathilda"]
[Result "1/2-1/2"]
[Termination "normal"]
[Board "8.8"]
[WhiteElo "1427"]
[BlackElo "1391"]
[WhiteTeam "Niedersachsen 2"]
[BlackTeam "Sachsen-Anhalt"]
[PlyCount "158"]
[WhiteFideId "16225465"]
[BlackFideId "16203569"]
[EventCountry "GER"]
[EventRounds "7"]
[EventType "team-swiss"]
[EventDate "2016.09.30"]

1. e4 e5 2. Nf3 Nc6 3. d4 exd4 4. Nxd4 Bb4+ 5. Nc3 Nf6 6. Nxc6 bxc6 7. Bd3 O-O
8. O-O d5 9. exd5 cxd5 10. Bg5 c6 11. Qf3 h6 12. Bxf6 Qxf6 13. Qxf6 gxf6 14. a3
Bd6 15. Ne2 Be5 16. Rab1 Kh8 17. Ng3 Rg8 18. Nf5 Bxf5 19. Bxf5 Rad8 20. g3 h5
21. f4 Bd6 22. Kg2 Bc5 23. Rfe1 Bd6 24. Kf3 Kg7 25. Re3 c5 26. Rd1 d4 27. Red3
Bc7 28. h3 Bb6 29. h4 Kh6 30. Rg1 c4 31. Rdd1 Rge8 32. Rde1 Re3+ 33. Rxe3 dxe3
34. Re1 Rd2 35. Re2 Rd1 36. c3 Rf1+ 37. Kg2 Rd1 38. Kf3 Rd8 39. Bc2 Rd6 40. Bf5
Rd5 41. Bc2 f5 42. Bb1 Kg6 43. Bc2 Kf6 44. Bb1 Rd8 45. Bc2 Rd5 46. Bb1 Rd6 47.
Bc2 Rd8 48. Bb1 Rd2 49. Rxd2 exd2 50. Ke2 Bf2 51. Kxd2 Bxg3 52. Ba2 Bxf4+ 53.
Kc2 Bg3 54. Bxc4 Bxh4 55. Be2 Kg5 56. c4 Bg3 57. b4 h4 58. Bf1 Kg4 59. Bg2 h3
60. Bh1 f4 61. a4 f3 62. Kd3 f5 63. b5 Bd6 64. a5 Bc7 65. b6 axb6 66. a6 Bb8
67. Ke3 f4+ 68. Kf2 Kf5 69. Bxf3 Ke5 70. Bg4 Kd6 71. Bxh3 Kc5 72. Kf3 Kxc4 73.
a7 Bxa7 74. Kxf4 b5 75. Be6+ Kd4 76. Bb3 b4 77. Kf3 Kc3 78. Bf7 b3 79. Bxb3
Kxb3 1/2-1/2

[Event "Deutsche Ländermeisterschaft 2016"]
[Site "Hannover GER"]
[Date "2016.10.03"]
[Round "4"]
[White "Müller, Nick"]
[Black "Müller, Max"]
[Result "1-0"]
[Termination "normal"]
[Board "9.1"]
[WhiteElo "2197"]
[BlackElo "2044"]
[WhiteTeam "Mecklenburg-Vorpommern"]
[BlackTeam "SG Saarland / Rheinland-Pfalz"]
[PlyCount "49"]
[WhiteFideId "24692093"]
[BlackFideId "12900486"]
[EventCountry "GER"]
[EventRounds "7"]
[EventType "team-swiss"]
[EventDate "2016.09.30"]

1. d4 Nf6 2. c4 g6 3. Nc3 Bg7 4. e4 d6 5. Be2 O-O 6. Bg5 h6 7. Be3 e5 8. d5 a5
9. g4 Ne8 10. Qd2 Kh7 11. g5 f5 12. gxh6 Bf6 13. exf5 gxf5 14. f4 Bh4+ 15. Kd1
e4 16. Kc2 Nd7 17. Nh3 Nc5 18. Rag1 Qe7 19. Bh5 Bf6 20. Qg2 Bd7 21. Qg6+ Kh8
22. Ng5 Bxg5 23. Rxg5 Qh7 24. Bd4+ Nf6 25. Bxf6+ 1-0

[Event "Deutsche Ländermeisterschaft 2016"]
[Site "Hannover GER"]
[Date "2016.10.03"]
[Round "4"]
[White "Backens, Johannes"]
[Black "Schmekel, Florian"]
[Result "1/2-1/2"]
[Termination "normal"]
[Board "9.2"]
[WhiteElo "1934"]
[BlackElo "1994"]
[WhiteTeam "SG Saarland / Rheinland-Pfalz"]
[BlackTeam "Mecklenburg-Vorpommern"]
[PlyCount "94"]
[WhiteFideId "12946389"]
[BlackFideId "12913456"]
[EventCountry "GER"]
[EventRounds "7"]
[EventType "team-swiss"]
[EventDate "2016.09.30"]

1. e4 c5 2. Nc3 Nc6 3. Bb5 e6 4. Bxc6 bxc6 5. d3 e5 6. f4 exf4 7. Bxf4 d6 8.
Nf3 Be7 9. O-O Be6 10. Qd2 Bf6 11. Rae1 Ne7 12. e5 dxe5 13. Bxe5 Bxe5 14. Rxe5
O-O 15. Rxc5 Rb8 16. b3 f6 17. Re1 Bf7 18. Na4 Qd7 19. d4 Nf5 20. Rc3 Rfe8 21.
Rd3 Rxe1+ 22. Qxe1 Re8 23. Qf2 Bg6 24. Rd2 Qe7 25. Nh4 Nxh4 26. Qxh4 Qe3+ 27.
Rf2 Qc1+ 28. Rf1 Qxc2 29. Re1 Rxe1+ 30. Qxe1 Be4 31. Qf1 Qd2 32. h3 Qxd4+ 33.
Kh2 Qd2 34. Qc4+ Bd5 35. Qg4 h5 36. Qg6 Qe2 37. Nc3 Qe5+ 38. Kh1 Bf7 39. Qd3 g6
40. Ne4 Kg7 41. b4 Qa1+ 42. Kh2 Qxa2 43. Qd8 Qe6 44. Nd6 Qe5+ 45. Kh1 Qe1+ 46.
Kh2 Qe5+ 47. Kh1 Qe1+ 1/2-1/2

[Event "Deutsche Ländermeisterschaft 2016"]
[Site "Hannover GER"]
[Date "2016.10.03"]
[Round "4"]
[White "Lange, Jannis"]
[Black "Recktenwald, Cedric"]
[Result "1-0"]
[Termination "normal"]
[Board "9.3"]
[WhiteElo "1849"]
[BlackElo "1671"]
[WhiteTeam "Mecklenburg-Vorpommern"]
[BlackTeam "SG Saarland / Rheinland-Pfalz"]
[PlyCount "79"]
[WhiteFideId "12993107"]
[BlackFideId "12971928"]
[EventCountry "GER"]
[EventRounds "7"]
[EventType "team-swiss"]
[EventDate "2016.09.30"]

1. e4 e6 2. d4 d5 3. e5 c5 4. Qg4 cxd4 5. Nf3 Nc6 6. Bd3 Qc7 7. Qg3 g6 8. O-O
Bg7 9. Re1 Nge7 10. a3 Bd7 11. b4 a6 12. Nbd2 O-O 13. Nb3 b6 14. Bf4 Qb7 15.
Rac1 Rac8 16. Ng5 h6 17. Nf3 g5 18. Bd2 f6 19. exf6 Rxf6 20. c4 dxc4 21. Bxc4
Nf5 22. Qg4 Kh8 23. Nbxd4 Nfxd4 24. Nxd4 Nxd4 25. Qxd4 Rf4 26. Qd3 Rd4 27. Qe2
e5 28. Bxa6 Qd5 29. Be3 Rxc1 30. Rxc1 Rh4 31. Bxb6 e4 32. Rd1 Qf5 33. g3 Qh3
34. gxh4 Bg4 35. Rd8+ Kh7 36. Qxe4+ Bf5 37. Qg2 Qxa3 38. Ba5 h5 39. hxg5 Qc1+
40. Bf1 1-0